000 00474nam a2200181Ia 4500
005 20250423100959.0
008 250422s9999 xx 000 0 und d
020 _a9781138153486
050 _aNA 2542.4 .D36/
100 _aDay, Christopher
245 0 _aSpirit and Place
260 _aOxford
260 _bArchitectural Press
260 _c2003
300 _a53 p
650 _aArchitecture--Psychological aspects. Architecture--Environmental aspects
942 _cBK
999 _c34927
_d34927